000
002400000a22000970004500
100
1
_a
Bernal, Alirio
245
1
0
_a
¿Quién quebró a la caja agraria?
300
_a
Vol. 10, Núm 10 (1993), Páginas 52-53
773
0
_t
Cambio 16
942
_c
ANA
999
_c
58517
_d
58517